1509 1020 1088 1631 1472 1639 1152 1827 1230 1401 1753 1330 1116 1441 1544 1759 1288 1693 1453 1220 1815 1520 1086 1593 1359 1757 1190 1665 1893 1909 1172 1490 1445 1836 1507 1824 1917 1287 1691 1319 1874 1161 1162 1370 1934 1492 1945 1566 1166 1289 1459 1995 1456 1378 1162 1196 1773 1099 1185 1990 1748 1224 1465 1083 1191 1304 1484 1025 1580 1087 1100 1778 1643 1808 1347 1947 1280 1788 1962 1376 1243 1804 1978 1668 1232 1300 1039 1206 1957 1510 1812 1399 1628 1836 1057 1742 1891 1027 1374 BCNSPRNW ULIB Ver.6.0+V

เปลี่ยนเป็นภาษาไทย

Change to English
 แสดงรายละเอียดบรรณานุกรม
  กลับหน้าหลัก

Brief Record : Get Marc (ISO 2709) : E-mail record : QR code < ปิดหน้าต่าง
LEADER : 00000nam 2200000uu 4500
001    13399121041
003     ULIB
008    121031s2551||||th 000 0 tha d
099    วจ.BF637^bม511ป
100 0  มาลี เกื้อนพกุล, อรอนงค์ ทวนพรมราช และอภิญญา เพียรเจริญ
245 00 ปัจจัยที่มีอิทธิพลต่อความสุขในการทำงานของบุคลากรวิทยาลัยพยาบาลบรมราชชนนี กรุงเทพ^cมาลี เกื้อนพกุล, อรอนงค์ ทวนพรมราช และอภิญญา เพียรเจริญ
260    กรุงเทพฯ :^bวิทยาลัยพยาบาลบรมราชชชนนี กรุงเทพ,^c2551
300    112 แผ่น
650  0 ความสุขในการทำงาน^xวิจัย
945    ^p0^l0^i032876
995    เกษร
999    ^aวิภา
รายการนี้ยังไม่มีแท็ก
คุณยังไม่ได้ล็อกอิน คุณสามารถมีกิจกรรมร่วมกับเว็บไซต์ได้ แต่ต้องล็อกอินก่อน ::
  ล็อกอิน

รายการสื่อสารสนเทศ

ลำดับที่ ประเภท เลขเรียก/บาร์โค้ด สถานที่ สถานะ
1. งานวิจัย
งานวิจัย
วจ.BF637 ม511ป  
  Barcode: 032876
ห้องสมุดวิทยาเขตสวรรค์ประชารักษ์
►วิจัย
ถูกยืม กำหนดส่งวันที่ 7 พฤษภาคม 2558
  จอง

BibComment


ยังไม่เคยถูกคอมเมนท์

คอมเมนท์ทรัพยากรรายการนี้
  คอมเมนท์: ปัจจัยที่มีอิทธิพ..


 Copyright 2026. Bcnsprnw @Library